Les plus grands ports du monde en 2014 - Statistiques

Statistiques générales
  • Ce quiz a été pris 271 fois
  • Le résultat moyen est 4 sur 20
Statistiques - réponses
Hint Réponse % Correct
8 - 444,7 Rotterdam
88%
2 - 755,3 Shanghai
69%
3 - 580,8 Singapour
62%
13 - 297,7 Hong Kong
60%
19 - 199,0 Anvers
43%
6 - 500,4 Canton
35%
4 - 540,0 Tientsin
16%
17 - 223,2 Shenzhen
15%
15 - 266,7 Busan
14%
1 - 873,0 Ningbo-Zhoushan
10%
7 - 480,0 Tsingtao
10%
9 - 420,0 Dalian
8%
18 - 205,0 Xiamen
7%
10 - 372,4 Port Hedland
2%
11 - 353,0 Rizhao
2%
5 - 500,8 Tangshan
2%
12 - 330,7 Yingkou
2%
16 - 264,7 Louisiane du Sud
1%
14 - 274,0 Qinhuangdao
1%
20 - 162,0 Klang
0%
Aucun quiz correspondant
Distribution des résultats
% des personnes avec chaque résultat
Percentile par nombre de réponses
Votre historique - résultats
Vous n’avez pas pris ce quiz